000 00358nam a2200145Ia 4500
008 240624s9999 xx 000 0 und d
041 _aeng
082 _a658.8 LEE
100 _aLEE KIEFER
245 _aGLOBAL MARKETING MANAGEMENT
250 _a(3rd ed.)
260 _c2012
_aNew Delhi
_bOxford
300 _axxiv, : 578 : p. : cm. ; 26
365 _cRS
_b31
999 _c24901
_d24901